[Event "Herforder SV Königsspringer 1 - SV Ber"]
[Site "NRW-Liga - Gruppe 1 2019/2020"]
[Date "2019.09.15"]
[Round "1.8"]
[White "Heuermann, Heinz-Burkhard"]
[Black "Heitmann, Sebastian"]
[Result "0-1"]
[WhiteElo "1809"]
[BlackElo "1957"]
[PlyCount "80"]
[EventDate "2019.??.??"]
[SourceVersionDate "2020.03.16"]
[WhiteTeam "Herforder SV Königsspringer 1"]
[BlackTeam "SV Bergneustadt/Derschlag 1"]

1. Nf3 Nf6 2. g3 d5 3. Bg2 c6 4. d3 Bg4 5. Nbd2 Nbd7 6. h3 Bh5 7. b3 e5 8. Bb2
Bd6 9. e4 Qe7 10. O-O O-O 11. Re1 d4 12. c4 Nc5 13. Qc2 Nfd7 14. Nh4 Bg6 15.
Nf5 Qe6 16. b4 Na6 17. Nxd6 Nxb4 18. Qb3 Qxd6 19. c5 Qxc5 20. Rec1 Qb5 21. a4
Qxd3 22. Qxb4 c5 23. Qxb7 Qxd2 24. Ba3 Rfd8 25. Bxc5 Nxc5 26. Rxc5 Re8 27. Rac1
h6 28. h4 Kh7 29. Bf3 Rab8 30. Qc6 Re6 31. Qc7 Rb2 32. Rf1 Rf6 33. Rb5 Rxf3 34.
Rxb2 Qxb2 35. Qxe5 f6 36. Qd5 Qe2 37. Qxd4 Bxe4 38. Qd6 Bd3 39. Kg2 Rf5 40. Rh1
Rxf2+ 0-1

[Event "SG Niederkassel 1 - SK Sodingen/Castrop"]
[Site "NRW-Liga - Gruppe 1 2019/2020"]
[Date "2019.10.13"]
[Round "2.1"]
[White "Werrn, Pascal"]
[Black "Wigger, Jochen"]
[Result "0-1"]
[WhiteElo "2083"]
[BlackElo "2276"]
[Annotator "Daniel"]
[PlyCount "138"]
[EventDate "2019.??.??"]
[SourceVersionDate "2020.03.16"]
[WhiteTeam "SK Sodingen/Castrop 1"]
[BlackTeam "SG Niederkassel 1"]

1. d4 d5 2. Nf3 Nf6 3. Bf4 c6 4. e3 Bf5 5. c4 e6 6. Qb3 Qc8 7. Nc3 Be7 8. Be2
O-O 9. O-O Nbd7 10. h3 h6 11. Rac1 Nb6 12. Ne5 Nfd7 13. cxd5 Nxd5 14. Bh2 Nxe5
15. Bxe5 Nxc3 16. Qxc3 Qd8 17. a4 Rc8 18. Bf3 a5 19. Rfd1 Bg6 20. g4 Bb4 21.
Qc4 Qe7 22. Bg3 Rcd8 23. Kg2 Rd7 24. h4 f5 25. gxf5 Bxf5 26. Qe2 Bh7 27. e4 Kh8
28. Bg4 Qd8 29. d5 cxd5 30. exd5 Rxd5 $11 31. Qxe6 Bg8 32. Qe3 Qf6 33. Bf3 Rxd1
34. Rxd1 Bc5 35. Qe4 b6 36. Rd2 Be6 37. Be5 Qf7 38. Bc3 Bf5 39. Qe5 Re8 40. Qg3
Kh7 41. Bh5 Qb7+ 42. Bf3 $11 Qf7 43. Bh5 g6 44. Bf3 h5 45. Re2 Rf8 46. Rd2 Bd7
47. Bd5 Qe7 48. b3 Be6 49. Bxe6 Qxe6 50. Be5 Qc6+ 51. f3 Bb4 52. Re2 Qe6 53. f4
Rd8 54. Rc2 Bc5 55. Qf3 Rd7 56. Kh2 Qf5 57. Rg2 Bf8 58. Qh3 Qf7 59. Qe3 Bh6 60.
Qe4 Rd8 61. Rc2 Rd7 62. Rg2 Qe6 63. Qc4 Qf5 64. Rg3 Rd2+ 65. Rg2 Rd7 66. Qc6
Bxf4+ 67. Bxf4 Qxf4+ 68. Rg3 Rd2+ 69. Kh3 Qf5+ 0-1

[Event "SG Niederkassel 1 - SK Sodingen/Castrop"]
[Site "NRW-Liga - Gruppe 1 2019/2020"]
[Date "2019.10.13"]
[Round "2.2"]
[White "Grimm, Sascha"]
[Black "Boehnke, Martin"]
[Result "1-0"]
[WhiteElo "2266"]
[BlackElo "2150"]
[PlyCount "49"]
[EventDate "2019.??.??"]
[SourceVersionDate "2020.03.16"]
[WhiteTeam "SG Niederkassel 1"]
[BlackTeam "SK Sodingen/Castrop 1"]

1. c4 c6 2. g3 Nf6 3. Bg2 d5 4. Nf3 dxc4 5. O-O Bf5 6. Na3 b5 7. b3 cxb3 8.
Qxb3 e6 9. d3 b4 10. Nc4 Be7 11. a3 a5 12. axb4 Bxb4 13. Ba3 c5 14. Nfe5 Ra6
15. Qa4+ Nfd7 16. Bb7 Ra7 17. Nd6+ Kf8 18. Nexf7 Qe7 19. Bxb4 cxb4 20. Rac1 Nb6
21. Qb5 Rxb7 22. Qxb6 Rxb6 23. Rc8+ Qd8 24. Rxd8+ Ke7 25. Rxh8 1-0

[Event "SG Niederkassel 1 - SK Sodingen/Castrop"]
[Site "NRW-Liga - Gruppe 1 2019/2020"]
[Date "2019.10.13"]
[Round "2.3"]
[White "Waldschmidt, Georg"]
[Black "Schienmann, Bruno"]
[Result "0-1"]
[WhiteElo "2151"]
[BlackElo "2219"]
[PlyCount "82"]
[EventDate "2019.??.??"]
[SourceVersionDate "2020.03.16"]
[WhiteTeam "SK Sodingen/Castrop 1"]
[BlackTeam "SG Niederkassel 1"]

1. e4 e6 2. d4 d5 3. e5 c5 4. c3 Nc6 5. Nf3 Bd7 6. a3 f6 7. Bd3 Qc7 8. O-O
O-O-O 9. Re1 fxe5 10. Nxe5 Nxe5 11. Bf4 Bd6 12. Bxe5 Bxe5 13. Rxe5 Ne7 14. Re1
Qb6 15. dxc5 Qxb2 16. Nd2 Qxc3 17. Nf3 Nc6 18. Bb5 Rhe8 19. Bxc6 Bxc6 20. Nd4
Rd7 21. Re3 Qa5 22. Qh5 Rde7 23. Qxh7 Qxc5 24. Nb3 Qd6 25. Rc1 d4 26. Ree1 Kb8
27. Qd3 e5 28. f3 Qxa3 29. Ra1 Qb4 30. Reb1 Qc3 31. Qg6 Qe3+ 32. Kh1 Qh6 33.
Qg3 Qd6 34. Na5 Bd5 35. Ra4 Rd7 36. Qf2 Rc8 37. h3 Rdc7 38. Qb2 b6 39. Raa1 Rc2
40. Qb5 Qg6 41. Qf1 e4 0-1

[Event "SG Niederkassel 1 - SK Sodingen/Castrop"]
[Site "NRW-Liga - Gruppe 1 2019/2020"]
[Date "2019.10.13"]
[Round "2.4"]
[White "Stanetzek, Carsten"]
[Black "Banik, Thorsten"]
[Result "1/2-1/2"]
[WhiteElo "2132"]
[BlackElo "2112"]
[PlyCount "38"]
[EventDate "2019.??.??"]
[SourceVersionDate "2020.03.16"]
[WhiteTeam "SG Niederkassel 1"]
[BlackTeam "SK Sodingen/Castrop 1"]

1. e4 c5 2. Nf3 d6 3. Bb5+ Bd7 4. Bxd7+ Qxd7 5. O-O Nf6 6. Qe2 Nc6 7. c3 Qg4 8.
d3 Ne5 9. Nbd2 Nh5 10. Nb3 g6 11. d4 Nxf3+ 12. Qxf3 Qxf3 13. gxf3 b6 14. Be3
Bg7 15. Kg2 O-O 16. f4 f5 17. e5 cxd4 18. cxd4 d5 19. Kf3 Rfc8 1/2-1/2

[Event "SG Niederkassel 1 - SK Sodingen/Castrop"]
[Site "NRW-Liga - Gruppe 1 2019/2020"]
[Date "2019.10.13"]
[Round "2.5"]
[White "Hille, Ralph Ingo"]
[Black "Broehl, Stephan"]
[Result "1-0"]
[WhiteElo "2020"]
[BlackElo "2093"]
[Annotator "Daniel"]
[PlyCount "115"]
[EventDate "2019.??.??"]
[SourceVersionDate "2020.03.16"]
[WhiteTeam "SK Sodingen/Castrop 1"]
[BlackTeam "SG Niederkassel 1"]

1. b3 d5 2. Bb2 Nf6 3. e3 Bf5 4. h3 e6 5. Nf3 h6 6. g4 Bh7 7. Rg1 Nbd7 8. c4 c6
9. h4 Nc5 10. g5 hxg5 11. hxg5 Nfd7 12. d3 $11 Bg6 13. b4 Na6 14. a3 Qc7 15.
Nbd2 Rh7 16. Rc1 Bd6 17. Qb3 Rc8 18. Be2 Qb8 19. cxd5 cxd5 20. Rxc8+ Qxc8 21.
Nd4 Nc7 22. Qc2 Qd8 23. N2f3 Ke7 24. Nb3 Kf8 25. Kd2 Nb6 26. Na5 Qb8 27. Ne5
Rh2 28. Ke1 Bh5 29. Bxh5 Rxh5 30. Qe2 g6 31. Qf3 Bxe5 32. Bxe5 Qc8 33. Rh1
Rxh1+ 34. Qxh1 Ne8 35. Kd2 Nd7 36. Qh8+ Ke7 37. Bf6+ Kd6 38. Qh2+ e5 39. Bxe5+
Nxe5 40. d4 Qf5 41. dxe5+ Ke7 42. Qf4 Qb1 43. Nxb7 Qb2+ 44. Ke1 Qxa3 45. Nd6
Qa1+ 46. Ke2 Qa6+ 47. Kf3 Nxd6 48. Qf6+ Kd7 49. exd6 Qxd6 50. Qxf7+ Kc8 51.
Qxa7 Qe6 52. Qd4 Qh3+ 53. Ke2 Qh5+ 54. f3 Qh2+ 55. Kd3 Qa2 56. Qc5+ Kd7 57. Kd4
Qd2+ 58. Ke5 1-0

[Event "SG Niederkassel 1 - SK Sodingen/Castrop"]
[Site "NRW-Liga - Gruppe 1 2019/2020"]
[Date "2019.10.13"]
[Round "2.6"]
[White "Freundlieb, Thomas"]
[Black "Mueller, Frank"]
[Result "0-1"]
[WhiteElo "2029"]
[BlackElo "2034"]
[PlyCount "72"]
[EventDate "2019.??.??"]
[SourceVersionDate "2020.03.16"]
[WhiteTeam "SG Niederkassel 1"]
[BlackTeam "SK Sodingen/Castrop 1"]

1. c4 Nf6 2. Nc3 e5 3. e4 Bc5 4. d3 h6 5. h3 O-O 6. g3 Nc6 7. Bg2 d6 8. Nge2
Nd4 9. O-O c6 10. Nxd4 Bxd4 11. Ne2 Bb6 12. Kh2 d5 13. Qc2 dxe4 14. dxe4 Qe7
15. b3 Re8 16. Bb2 a5 17. a4 Nd7 18. f4 exf4 19. gxf4 Qh4 20. e5 f6 21. Qg6 Re7
22. Be4 Nf8 23. Qg2 fxe5 24. f5 Nh7 25. Rae1 Nf6 26. Bc2 Bc5 27. Bc3 Bd7 28.
Ng1 Rae8 29. Nf3 Qf4+ 30. Kh1 Nh5 31. Rg1 Bxg1 32. Rxg1 Bxf5 33. Bd2 Ng3+ 34.
Qxg3 Qxg3 35. Rxg3 Bxc2 36. Bxh6 Be4 0-1

[Event "SG Niederkassel 1 - SK Sodingen/Castrop"]
[Site "NRW-Liga - Gruppe 1 2019/2020"]
[Date "2019.10.13"]
[Round "2.7"]
[White "Rohovoy, Dmitrij"]
[Black "Schnellbacher, Jan Eric"]
[Result "1/2-1/2"]
[WhiteElo "1971"]
[BlackElo "1916"]
[PlyCount "26"]
[EventDate "2019.??.??"]
[SourceVersionDate "2020.03.16"]
[WhiteTeam "SK Sodingen/Castrop 1"]
[BlackTeam "SG Niederkassel 1"]

1. d4 Nf6 2. c4 c5 3. e3 cxd4 4. exd4 g6 5. Nf3 Bg7 6. Nc3 d6 7. Bd3 O-O 8. h3
Nc6 9. Be3 Nb4 10. Bb1 Nd7 11. O-O Nb6 12. Qb3 Nc6 13. Bd3 Bd7 1/2-1/2

[Event "SG Niederkassel 1 - SK Sodingen/Castrop"]
[Site "NRW-Liga - Gruppe 1 2019/2020"]
[Date "2019.10.13"]
[Round "2.8"]
[White "Kuhn, Andreas"]
[Black "Becker, Joerg"]
[Result "1/2-1/2"]
[WhiteElo "1931"]
[BlackElo "2119"]
[Annotator "Daniel"]
[PlyCount "80"]
[EventDate "2019.??.??"]
[SourceVersionDate "2020.03.16"]
[WhiteTeam "SG Niederkassel 1"]
[BlackTeam "SK Sodingen/Castrop 1"]

1. Nf3 f5 2. c4 e6 3. g3 Nf6 4. Bg2 d5 5. O-O c6 6. b3 Be7 7. Ba3 Bxa3 8. Nxa3
e5 9. d3 Qe7 10. Nc2 O-O 11. cxd5 cxd5 12. e4 fxe4 13. dxe4 d4 14. Nfe1 Nc6 15.
Nd3 Bg4 16. Qd2 Rac8 17. Ncb4 Nxb4 18. Nxb4 Rc3 19. Nd3 Rfc8 20. Rac1 Bd7 21.
f4 Bb5 22. fxe5 Ng4 23. Bh3 Ne3 24. Bxc8 Nxf1 25. Rxf1 Rxc8 26. Rd1 $11 Rd8 27.
Qb4 Qe8 28. e6 Qh5 29. Rd2 Bc6 30. e7 Re8 31. Rf2 h6 32. Rf8+ Kh7 33. Rxe8 Qxe8
34. Ne5 d3 35. Nxd3 Qh5 36. Qd4 Qd1+ 37. Kg2 Bb5 38. Qd5 Qe2+ 39. Nf2 Qf1+ 40.
Kf3 Qe2+ 1/2-1/2

[Event "SV Bergneustadt/Derschlag 1 - SV Erkens"]
[Site "NRW-Liga - Gruppe 1 2019/2020"]
[Date "2019.10.13"]
[Round "2.1"]
[White "Jens, Jelmer"]
[Black "Koellner, Aaron Noah"]
[Result "1-0"]
[WhiteElo "2396"]
[BlackElo "2089"]
[PlyCount "103"]
[EventDate "2019.??.??"]
[SourceVersionDate "2020.03.16"]
[WhiteTeam "SV Erkenschwick 1"]
[BlackTeam "SV Bergneustadt/Derschlag 1"]

1. e4 c5 2. Nf3 e6 3. d4 cxd4 4. Nxd4 Nc6 5. Nc3 Qc7 6. Be3 a6 7. Qf3 Bd6 8.
O-O-O Be5 9. Nxc6 bxc6 10. Bd4 Nf6 11. Bxe5 Qxe5 12. Qe3 Ng4 13. Qe1 Qc5 14.
Rd2 Rb8 15. Nd1 O-O 16. f3 Ne5 17. f4 Nc4 18. Rd3 Nb6 19. Rh3 Qe7 20. Bd3 e5
21. fxe5 Qxe5 22. g4 d6 23. Rh5 Qf4+ 24. Ne3 d5 25. Rf1 Qc7 26. Qh4 Qd8 27. g5
Re8 28. Rxh7 Kf8 29. Qf4 Be6 30. Nf5 Bxf5 31. Qxf5 Qd7 32. Rh8+ Ke7 33. Qxf7+
Kd6 34. Qf4+ Kc5 35. exd5 Nxd5 36. Qc4+ Kd6 37. Rxe8 Qxe8 38. Qd4 Qe7 39. h4
Rb4 40. c4 Qe3+ 41. Qxe3 Nxe3 42. Rf4 a5 43. h5 a4 44. c5+ Kxc5 45. Rxb4 Kxb4
46. h6 gxh6 47. gxh6 Ng4 48. h7 Ne5 49. h8=Q Nxd3+ 50. Kc2 Nc5 51. Qd4+ Kb5 52.
Kc3 1-0

[Event "SV Bergneustadt/Derschlag 1 - SV Erkens"]
[Site "NRW-Liga - Gruppe 1 2019/2020"]
[Date "2019.10.13"]
[Round "2.2"]
[White "Stuemer, Paul"]
[Black "Erwich, Frank"]
[Result "0-1"]
[WhiteElo "2023"]
[BlackElo "2365"]
[PlyCount "60"]
[EventDate "2019.??.??"]
[SourceVersionDate "2020.03.16"]
[WhiteTeam "SV Bergneustadt/Derschlag 1"]
[BlackTeam "SV Erkenschwick 1"]

1. Nf3 Nf6 2. d4 b6 3. c4 e6 4. e3 Bb7 5. Bd3 c5 6. O-O Be7 7. Nc3 cxd4 8. exd4
d5 9. cxd5 Nxd5 10. Ne5 O-O 11. Qg4 f5 12. Qe2 Nc7 13. Bc4 Qxd4 14. Rd1 Qh4 15.
Rd3 f4 16. Ne4 f3 17. gxf3 Nc6 18. Nxc6 Bxc6 19. Bd2 Kh8 20. Rc1 Nd5 21. Bb3
Bb7 22. Rd4 Rf5 23. Qd3 Rh5 24. Ng3 Qxh2+ 25. Kf1 Re5 26. Rg4 Bc5 27. Rxc5 bxc5
28. Qb5 Nb6 29. Bf4 Qh3+ 30. Kg1 Bxf3 0-1

[Event "SV Bergneustadt/Derschlag 1 - SV Erkens"]
[Site "NRW-Liga - Gruppe 1 2019/2020"]
[Date "2019.10.13"]
[Round "2.3"]
[White "Van Beek, Alexander"]
[Black "Chlechowitz, Frank"]
[Result "1-0"]
[WhiteElo "2255"]
[BlackElo "2138"]
[Annotator "Daniel"]
[PlyCount "131"]
[EventDate "2019.??.??"]
[SourceVersionDate "2020.03.16"]
[WhiteTeam "SV Erkenschwick 1"]
[BlackTeam "SV Bergneustadt/Derschlag 1"]

1. e4 e5 2. Nf3 Nf6 3. Nxe5 d6 4. Nf3 Nxe4 5. Qe2 Qe7 6. d3 Nf6 7. Nc3 Qxe2+ 8.
Bxe2 Be7 9. Bg5 c6 10. O-O-O Na6 11. Rhe1 Nc7 12. d4 d5 13. Ne5 Ne6 14. Be3 Nd7
15. Nd3 O-O 16. Nb1 f5 17. Nf4 Nxf4 18. Bxf4 Rf7 19. Bd3 Nf6 20. Re2 Bd7 21.
Rde1 Re8 22. Nd2 Bd8 23. Rxe8+ Nxe8 24. Nf3 Re7 25. Ne5 Bc7 26. Kd1 Bxe5 27.
Bxe5 Kf7 28. Re3 Nf6 29. f3 g6 $11 30. h3 h5 31. b3 h4 32. Bf4 Rxe3 33. Bxe3
Nh7 34. f4 Kf6 35. c4 Kf7 36. Bf2 Nf6 37. Bxh4 Ne4 38. Be1 Be6 39. c5 Bd7 40.
Be2 Nf6 41. b4 Ne8 42. Kd2 Nf6 43. Ke3 Kg7 44. Bh4 Ne4 45. Kd3 Kf7 46. Kc2 Ke8
47. g4 fxg4 48. hxg4 Kf7 49. a4 a6 50. Be1 Nf6 51. g5 Ne4 52. Kb3 Ke7 53. b5
axb5 54. axb5 Kd8 55. Kb4 Kc7 56. Ka5 Bc8 57. Bf1 Bd7 58. bxc6 bxc6 59. Ka6
Bc8+ 60. Ka7 Bg4 61. Ba6 Bd1 62. Bd3 Ba4 63. f5 gxf5 64. g6 Nf6 65. Bxf5 Ng8
66. Ba5# 1-0

[Event "SV Bergneustadt/Derschlag 1 - SV Erkens"]
[Site "NRW-Liga - Gruppe 1 2019/2020"]
[Date "2019.10.13"]
[Round "2.4"]
[White "Wang, Andre"]
[Black "Langers, Alexander"]
[Result "0-1"]
[WhiteElo "2004"]
[BlackElo "2217"]
[PlyCount "112"]
[EventDate "2019.??.??"]
[SourceVersionDate "2020.03.16"]
[WhiteTeam "SV Bergneustadt/Derschlag 1"]
[BlackTeam "SV Erkenschwick 1"]

1. d4 Nf6 2. Nf3 g6 3. c4 Bg7 4. Nc3 O-O 5. e4 d6 6. Be2 e5 7. O-O exd4 8. Nxd4
Re8 9. Bf3 Nbd7 10. Bf4 Ne5 11. Be2 Bd7 12. Qc2 Nc6 13. Nxc6 Bxc6 14. Bd3 Nh5
15. Be3 Bxc3 16. bxc3 Qe7 17. f3 b6 18. Rae1 Bb7 19. Bd2 Nf6 20. Bg5 Qe6 21.
Re2 Nd7 22. f4 f6 23. f5 Qe7 24. Bh4 g5 25. Bg3 Qf7 26. Rfe1 Nc5 27. Re3 Ba6
28. a3 Bxc4 29. Bxc4 Qxc4 30. h4 gxh4 31. Bxh4 Nd7 32. Qd2 Kh8 33. Qd4 Qf7 34.
Qd5 Qe7 35. Rg3 Rg8 36. Ree3 Rge8 37. Kf2 Ne5 38. Qb7 Rf8 39. Qd5 c6 40. Qa2 b5
41. a4 Nc4 42. Re2 Qe5 43. axb5 cxb5 44. Rf3 a5 45. Bg3 Qc5+ 46. Kf1 a4 47. Bf2
Qc6 48. Bd4 Rae8 49. Rf4 Re7 50. g4 Rg7 51. Rg2 Ne5 52. Qe6 Qc4+ 53. Qxc4 bxc4
54. Bxe5 dxe5 55. Rf3 Rfg8 56. Rfg3 a3 0-1

[Event "SV Bergneustadt/Derschlag 1 - SV Erkens"]
[Site "NRW-Liga - Gruppe 1 2019/2020"]
[Date "2019.10.13"]
[Round "2.5"]
[White "Krings, Christoph"]
[Black "Michalik, Friedhelm"]
[Result "1-0"]
[WhiteElo "2162"]
[BlackElo "2007"]
[PlyCount "61"]
[EventDate "2019.??.??"]
[SourceVersionDate "2020.03.16"]
[WhiteTeam "SV Erkenschwick 1"]
[BlackTeam "SV Bergneustadt/Derschlag 1"]

1. d4 Nf6 2. Nf3 g6 3. c4 Bg7 4. Nc3 O-O 5. e4 d6 6. Be2 c5 7. d5 e6 8. dxe6
Bxe6 9. h3 Nc6 10. O-O h6 11. Bf4 Qb6 12. Qc1 Kh7 13. Bd3 Rad8 14. Rd1 Ng8 15.
Rb1 Nd4 16. Nxd4 Bxd4 17. Be3 Bg7 18. b4 Qc6 19. Nd5 b6 20. b5 Qb7 21. Bd2 f5
22. Nf4 Bc8 23. exf5 Bxf5 24. Bxf5 Rxf5 25. Ne6 Rd7 26. Nxg7 Kxg7 27. Bc3+ Nf6
28. Qe3 d5 29. cxd5 Rdxd5 30. Re1 Qf7 31. g4 1-0

[Event "SV Bergneustadt/Derschlag 1 - SV Erkens"]
[Site "NRW-Liga - Gruppe 1 2019/2020"]
[Date "2019.10.13"]
[Round "2.6"]
[White "Linnenborn, Guido"]
[Black "Homs, Guust"]
[Result "1/2-1/2"]
[WhiteElo "1860"]
[BlackElo "2148"]
[PlyCount "52"]
[EventDate "2019.??.??"]
[SourceVersionDate "2020.03.16"]
[WhiteTeam "SV Bergneustadt/Derschlag 1"]
[BlackTeam "SV Erkenschwick 1"]

1. c4 c6 2. Nc3 d5 3. d4 Nf6 4. Nf3 e6 5. e3 Be7 6. Be2 Nbd7 7. O-O O-O 8. b3
b6 9. Bb2 Bb7 10. Rc1 c5 11. Ne5 cxd4 12. Nxd7 Nxd7 13. Qxd4 Bf6 14. Qd2 dxc4
15. Rfd1 Ne5 16. bxc4 Qc8 17. Nb5 Qc6 18. f3 Rfd8 19. Qc3 a6 20. Nd4 Qc7 21. c5
bxc5 22. Qxc5 Qxc5 23. Rxc5 Rac8 24. Ba3 Rxc5 25. Bxc5 Rc8 26. Bb4 h6 1/2-1/2

[Event "SV Bergneustadt/Derschlag 1 - SV Erkens"]
[Site "NRW-Liga - Gruppe 1 2019/2020"]
[Date "2019.10.13"]
[Round "2.7"]
[White "Strozewski, Frank"]
[Black "Weuste, Jan-Eric"]
[Result "1-0"]
[WhiteElo "2005"]
[BlackElo "1507"]
[PlyCount "65"]
[EventDate "2019.??.??"]
[SourceVersionDate "2020.03.16"]
[WhiteTeam "SV Erkenschwick 1"]
[BlackTeam "SV Bergneustadt/Derschlag 1"]

1. c4 d6 2. Nc3 e5 3. e4 Be6 4. d3 Nc6 5. g3 Nf6 6. Bg2 Be7 7. Nge2 Qd7 8. O-O
Bh3 9. Nd5 Bd8 10. a3 a5 11. Be3 Bxg2 12. Kxg2 Ng4 13. Bd2 Nd4 14. h3 Nf6 15.
Nxd4 exd4 16. Nf4 c5 17. Ne2 O-O 18. g4 Qe6 19. Ng3 Nd7 20. f4 Bh4 21. Nf5 Bf6
22. g5 Be7 23. Qg4 g6 24. Nh6+ Kh8 25. f5 gxf5 26. exf5 Qe5 27. Bf4 Qg7 28.
Rae1 f6 29. g6 Ne5 30. Bxe5 dxe5 31. Qh5 Ra6 32. Re4 hxg6 33. fxg6 1-0

[Event "SV Bergneustadt/Derschlag 1 - SV Erkens"]
[Site "NRW-Liga - Gruppe 1 2019/2020"]
[Date "2019.10.13"]
[Round "2.8"]
[White "Khan, Tuhin"]
[Black "Eggenstein, Frank"]
[Result "0-1"]
[WhiteElo "1589"]
[BlackElo "1955"]
[PlyCount "86"]
[EventDate "2019.??.??"]
[SourceVersionDate "2020.03.16"]
[WhiteTeam "SV Bergneustadt/Derschlag 1"]
[BlackTeam "SV Erkenschwick 1"]

1. Nf3 Nf6 2. c4 g6 3. Nc3 Bg7 4. d3 d6 5. h3 O-O 6. e4 e5 7. Bg5 h6 8. Be3 Nc6
9. Qd2 Kh7 10. g4 Ne8 11. Be2 Nd4 12. Nh2 c6 13. O-O-O Nc7 14. f4 exf4 15. Bxf4
Nce6 16. Rdf1 Nxf4 17. Rxf4 a6 18. Rf2 b5 19. Nb1 Rb8 20. b3 Be6 21. Nf3 Qb6
22. Rhh2 d5 23. exd5 cxd5 24. Na3 dxc4 25. dxc4 Nxf3 26. Rxf3 Rfd8 27. Qf4 Rd4
28. Qg3 bxc4 29. Bd1 Rc8 30. Rc2 cxb3 31. axb3 Rcd8 32. Be2 Qb4 33. Nb1 Qa5 34.
Rd3 Be5 35. b4 Bxg3 36. bxa5 Rxd3 37. Bxd3 Rxd3 38. Rc6 Bf4+ 39. Kc2 Rxh3 40.
Rxa6 Bxg4 41. Ra8 Bf5+ 42. Kb2 Be5+ 43. Ka2 Be6# 0-1

[Event "Düsseldorfer SK 2 - Herforder SV Köni"]
[Site "NRW-Liga - Gruppe 1 2019/2020"]
[Date "2019.10.13"]
[Round "2.1"]
[White "Nordsieck, Thomas"]
[Black "Kohlweyer, Bernd"]
[Result "1/2-1/2"]
[WhiteElo "2264"]
[BlackElo "2256"]
[PlyCount "90"]
[EventDate "2019.??.??"]
[SourceVersionDate "2020.03.16"]
[WhiteTeam "Herforder SV Königsspringer 1"]
[BlackTeam "Düsseldorfer SK 2"]

1. e4 c5 2. Nf3 d6 3. c3 Nf6 4. Be2 Bd7 5. d3 g6 6. O-O Bg7 7. Nbd2 O-O 8. d4
cxd4 9. cxd4 a5 10. Re1 b5 11. e5 Nd5 12. Ne4 Qb6 13. Qb3 a4 14. Qd1 Na6 15. h4
Bg4 16. a3 Nac7 17. Qd3 Bf5 18. h5 Ne6 19. h6 Bh8 20. g3 dxe5 21. Nxe5 Qxd4 22.
Nc6 Bxe4 23. Nxd4 Bxd3 24. Nxe6 Bxe2 25. Nxf8 Bg4 26. f3 Bc8 27. Rd1 e6 28.
Nxg6 fxg6 29. Rb1 Bf6 30. Bd2 Kf7 31. b3 axb3 32. Rxb3 Bd7 33. f4 Bd4+ 34. Kh2
Bb6 35. Bc3 Ra4 36. Be5 Bc5 37. Rdd3 Re4 38. Rbc3 Bf8 39. Rc7 Ke8 40. Rb7 Bxh6
41. Rb8+ Kf7 42. Rh8 Bf8 43. Rxh7+ Ke8 44. Rh8 Kf7 45. Rh7+ Ke8 1/2-1/2

[Event "Düsseldorfer SK 2 - Herforder SV Köni"]
[Site "NRW-Liga - Gruppe 1 2019/2020"]
[Date "2019.10.13"]
[Round "2.2"]
[White "de Gleria, Francesco"]
[Black "Bentel, Robin"]
[Result "1-0"]
[WhiteElo "2348"]
[BlackElo "2127"]
[PlyCount "79"]
[EventDate "2019.??.??"]
[SourceVersionDate "2020.03.16"]
[WhiteTeam "Düsseldorfer SK 2"]
[BlackTeam "Herforder SV Königsspringer 1"]

1. e4 e5 2. Nf3 Nc6 3. d4 exd4 4. Bc4 Nf6 5. e5 d5 6. Bb5 Ne4 7. Nxd4 Bd7 8.
Bxc6 bxc6 9. O-O Be7 10. f3 Ng5 11. f4 Ne4 12. Be3 c5 13. Nb3 d4 14. Qf3 Bc6
15. Bf2 a5 16. N1d2 Qd5 17. Nxe4 Qxe4 18. Qxe4 Bxe4 19. c3 a4 20. Nd2 Bd3 21.
Rfc1 Rb8 22. cxd4 Rxb2 23. Nc4 Re2 24. Na5 g5 25. fxg5 c4 26. Nxc4 Bxg5 27. Rc3
Bf5 28. Kf1 Rc2 29. Rxc2 Bxc2 30. Ke2 Be4 31. Be3 Be7 32. g3 h5 33. Rc1 Kd7 34.
Bf4 Rb8 35. Ke3 Bd5 36. Kd3 a3 37. Rc3 Ra8 38. Bc1 Ra4 39. Rc2 c5 40. Nb6+ 1-0

[Event "Düsseldorfer SK 2 - Herforder SV Köni"]
[Site "NRW-Liga - Gruppe 1 2019/2020"]
[Date "2019.10.13"]
[Round "2.3"]
[White "Beilfuß, Wilfried"]
[Black "Harff, Marcel"]
[Result "0-1"]
[WhiteElo "2156"]
[BlackElo "2333"]
[PlyCount "82"]
[EventDate "2019.??.??"]
[SourceVersionDate "2020.03.16"]
[WhiteTeam "Herforder SV Königsspringer 1"]
[BlackTeam "Düsseldorfer SK 2"]

1. Nf3 d5 2. g3 Nc6 3. d4 Bf5 4. Bg2 h6 5. O-O e6 6. c4 Nf6 7. b3 Nb4 8. Na3 c6
9. Bb2 a5 10. Ne1 Be7 11. Nac2 Nxc2 12. Nxc2 Qb6 13. Ne3 Bh7 14. a3 O-O 15. Rc1
Rfd8 16. a4 Ne4 17. Bxe4 Bxe4 18. Bc3 Qa6 19. Qd2 dxc4 20. Nxc4 b5 21. Ne5 Bf6
22. Qe3 Bd5 23. Rb1 b4 24. Ba1 Rac8 25. Rfc1 Bg5 26. f4 Be7 27. Nd3 Re8 28. Nc5
Qa7 29. Rc2 f5 30. Rbc1 g5 31. Rf1 Bf6 32. Bb2 Qg7 33. Qf2 gxf4 34. Qxf4 Kh7
35. h4 Rg8 36. Kh2 Bd8 37. e4 fxe4 38. Qf7 Bc7 39. Rg2 e3 40. Rgg1 e2 41. Qxg7+
Rxg7 0-1

[Event "Düsseldorfer SK 2 - Herforder SV Köni"]
[Site "NRW-Liga - Gruppe 1 2019/2020"]
[Date "2019.10.13"]
[Round "2.4"]
[White "Borngaesser, Rene"]
[Black "Loemker, Michael"]
[Result "1-0"]
[WhiteElo "2279"]
[BlackElo "2055"]
[PlyCount "59"]
[EventDate "2019.??.??"]
[SourceVersionDate "2020.03.16"]
[WhiteTeam "Düsseldorfer SK 2"]
[BlackTeam "Herforder SV Königsspringer 1"]

1. e4 g6 2. d4 Bg7 3. Nf3 d6 4. Bc4 Nf6 5. Qe2 O-O 6. Nc3 c6 7. O-O b5 8. Bd3
b4 9. Nd1 Qc7 10. a3 bxa3 11. Rxa3 e5 12. dxe5 dxe5 13. Ne3 Nh5 14. g3 h6 15.
Nh4 Be6 16. Nef5 Kh7 17. Qe3 g5 18. Qf3 Nf6 19. Nxg7 Kxg7 20. Nf5+ Bxf5 21.
Qxf5 Ng8 22. f4 Ne7 23. Qg4 Qd7 24. Qh5 exf4 25. gxf4 f6 26. fxg5 hxg5 27. Bxg5
Ng8 28. Kh1 Qe8 29. Bh6+ Kh8 30. Bg7+ 1-0

[Event "Düsseldorfer SK 2 - Herforder SV Köni"]
[Site "NRW-Liga - Gruppe 1 2019/2020"]
[Date "2019.10.13"]
[Round "2.5"]
[White "Hanisch, Bernd"]
[Black "Reinke, Markus"]
[Result "0-1"]
[WhiteElo "2012"]
[BlackElo "2198"]
[PlyCount "36"]
[EventDate "2019.??.??"]
[SourceVersionDate "2020.03.16"]
[WhiteTeam "Herforder SV Königsspringer 1"]
[BlackTeam "Düsseldorfer SK 2"]

1. c4 g6 2. g3 Bg7 3. Bg2 d6 4. Nc3 e5 5. e3 f5 6. d4 Nc6 7. Nge2 Nf6 8. O-O
O-O 9. a3 a5 10. Rb1 g5 11. f4 gxf4 12. exf4 exd4 13. Nb5 Ng4 14. Nbxd4 Nxd4
15. Nxd4 c6 16. Rf3 Qb6 17. Rd3 Re8 18. Bf3 Re4 0-1

[Event "Düsseldorfer SK 2 - Herforder SV Köni"]
[Site "NRW-Liga - Gruppe 1 2019/2020"]
[Date "2019.10.13"]
[Round "2.6"]
[White "von Buenau, Heinrich"]
[Black "Stoimenov, Ivan"]
[Result "1-0"]
[WhiteElo "2154"]
[BlackElo "1978"]
[PlyCount "45"]
[EventDate "2019.??.??"]
[SourceVersionDate "2020.03.16"]
[WhiteTeam "Düsseldorfer SK 2"]
[BlackTeam "Herforder SV Königsspringer 1"]

1. Nf3 c6 2. b3 d5 3. Bb2 Nf6 4. g3 Bf5 5. Bg2 Nbd7 6. O-O Qc7 7. d3 e5 8. Nbd2
O-O-O 9. a3 h5 10. c4 d4 11. b4 Be7 12. Qb3 Rdg8 13. e4 Bg4 14. Ng5 h4 15. Nxf7
Rh5 16. c5 hxg3 17. fxg3 Kb8 18. Bf3 Bxf3 19. Rxf3 g5 20. Qe6 Nf8 21. Qxe5 Qxe5
22. Nxe5 Ne6 23. Rxf6 1-0